| 000 | 00432nam a22001697a 4500 | ||
|---|---|---|---|
| 003 | SGT | ||
| 020 | _a9786200451477 | ||
| 082 |
_a617.601 _bB25S |
||
| 100 | _aSikri, Prachi | ||
| 245 | _aBioelectric impedance in dental diagnosis and treatemnt | ||
| 260 |
_bLambert Academic Publishing _c2025 |
||
| 300 | _a43 | ||
| 650 | _aPublic health dentistry | ||
| 700 | _aKhan, Aleena | ||
| 700 | _aChopra, Meenakshi | ||
| 942 |
_2ddc _cBK |
||
| 999 |
_c34181 _d34181 |
||